[Event "Chigorin Memorial 27th"]
[Site "St Petersburg"]
[Date "2019.10.11"]
[Round "7"]
[White "Mkrtchyan, Mariam"]
[Black "Kuzmichev, Danila"]
[Result "0-1"]
[WhiteElo "2039"]
[BlackElo "1808"]
[PlyCount "78"]
[EventDate "2019.10.05"]
[EventType "swiss"]
[EventRounds "9"]
[EventCountry "RUS"]
[SourceTitle "EXT 2021"]
[Source "ChessBase"]
[SourceDate "2020.10.23"]
[SourceVersion "1"]
[SourceVersionDate "2020.10.23"]
[SourceQuality "1"]

1. d4 Nf6 2. Bg5 g6 3. Bxf6 exf6 4. e3 Bg7 5. g3 0-0 6. Bg2 d6 7. Ne2 f5 8. h4 h6 9. c4 c6 10. Nbc3 Nd7 11. 0-0 Nf6 12. Nf4 Re8 13. Qc2 Qe7 14. Rfe1 Ne4 15. b4 Bd7 16. b5 g5 17. hxg5 hxg5 18. bxc6 bxc6 19. Nh5 Bh8 20. Rab1 Qe6 21. Bf1 Nxc3 22. Qxc3 Qh6 23. Be2 c5 24. Qd2 cxd4 25. exd4 Re4 26. d5 Rae8 27. Kg2 f4 28. g4 f5 29. f3 Re3 30. Rbc1 Qf8 31. Kf2 Qe7 32. c5 Qe5 33. c6 Bc8 34. c7 fxg4 35. fxg4 f3 36. Bxf3 Qh2+ 37. Bg2 Qh4+ 38. Kg1 Rxe1+ 39. Rxe1 Rxe1+ 0-1